000 00534nam a2200181 i 4500
001 79633
003 ES-MaACL
005 20230906174023.0
007 t|
008 041022s1976 sp ||||1| spa d
100 1 _aHerrera Casado, Antonio.
_963214
245 1 0 _aGlosario alcarreño /
_cpor Antonio Herrera Casado.
260 _aGuadalajara :
_b[s.n.],
_c1976.
300 _a221 p. :
_bil. ;
_c24 cm.
505 8 _aContiene: T. II: Sigüenza y su tierra
740 0 _aSigüenza y su tierra.
852 _aES-MaACL
_jA-6068
_bR.95048
999 _c79633
_d79633